La rosa amarilla : (Record no. 21427)
[ view plain ]
| 000 -CABECERA | |
|---|---|
| campo de control de longitud fija | 00840nam a2200253 a 4500 |
| 001 - NÚMERO DE CONTROL | |
| campo de control | 000021929 |
| 005 - FECHA Y HORA DE LA ÚLTIMA TRANSACCIÓN | |
| campo de control | 20200930011516.0 |
| 008 - DATOS DE LONGITUD FIJA--INFORMACIÓN GENERAL | |
| campo de control de longitud fija | 100914s1997 mx r 000 jbspa d |
| 020 ## - NÚMERO INTERNACIONAL ESTÁNDAR DEL LIBRO | |
| Número Internacional Estándar del Libro | 9682948991 |
| 040 ## - FUENTE DE LA CATALOGACIÓN | |
| Centro catalogador/agencia de origen | DO-SdBNP |
| Lengua de catalogación | spa |
| Centro/agencia transcriptor | BNPHU |
| 082 ## - NÚMERO DE LA CLASIFICACIÓN DECIMAL DEWEY | |
| Número de clasificación | 894.51133 |
| Número de documento/Ítem | J74r |
| 049 ## - FONDOS LOCALES (OCLC) | |
| Fondos de biblioteca | BNGR |
| 100 1# - ENTRADA PRINCIPAL--NOMBRE DE PERSONA | |
| Nombre de persona | Jókai, Mór |
| 9 (RLIN) | 45510 |
| 240 #0 - TÍTULO UNIFORME | |
| Título uniforme | Sárga rózsa |
| Lenguaje de la obra | español |
| 245 13 - MENCIÓN DE TÍTULO | |
| Título | La rosa amarilla : |
| Resto del título | novela de la llanura / |
| Mención de responsabilidad, etc. | Mór Jókai; traducción, Andrés Révesz. |
| 260 ## - PUBLICACIÓN, DISTRIBUCIÓN, ETC. | |
| Lugar de publicación, distribución, etc. | México D. F. : |
| Nombre del editor, distribuidor, etc. | Consejo Nacional para la Cultura y las Artes, |
| Fecha de publicación, distribución, etc. | 1997. |
| 300 ## - DESCRIPCIÓN FÍSICA | |
| Extensión | 130 p. ; |
| Dimensiones | 21 cm. |
| 490 ## - MENCIÓN DE SERIE | |
| Mención de serie | Clásico de Hoy ; |
| Designación de volumen o secuencia | 12 |
| 500 ## - NOTA GENERAL | |
| Nota general | Incluye lista de títulos publicados |
| 534 ## - NOTA SOBRE LA VERSIÓN ORIGINAL | |
| Encabezamiento principal del original | Título original : |
| Mención de título del original | Sárga rózsa |
| 650 #4 - PUNTO DE ACCESO ADICIONAL DE MATERIA--TÉRMINO DE MATERIA | |
| Término de materia o nombre geográfico como elemento de entrada | Novela hungara |
| 9 (RLIN) | 45511 |
| 650 #4 - PUNTO DE ACCESO ADICIONAL DE MATERIA--TÉRMINO DE MATERIA | |
| Término de materia o nombre geográfico como elemento de entrada | Literatura hungara |
| 9 (RLIN) | 21825 |
| 700 1# - PUNTO DE ACCESO ADICIONAL--NOMBRE DE PERSONA | |
| Nombre de persona | Révesz, Andrés |
| Término indicativo de función/relación | tr. |
| 9 (RLIN) | 45512 |
| Estado de retiro | Estado de pérdida | Restricciones de uso | No para préstamo | Código de colección | Localización permanente | Ubicación/localización actual | Ubicación en estantería | Fecha de adquisición | Número de inventario | Total de préstamos | Signatura topográfica completa | Código de barras | Fecha visto por última vez | Precio válido a partir de | Tipo de ítem Koha |
|---|---|---|---|---|---|---|---|---|---|---|---|---|---|---|---|
| Excluido de préstamo | Monografías: Libros y Folletos | General | General | En catalogación | 14.09.2010 | LF1 | 894.51133 J74r | 21929-10 | 25.06.2020 | 25.06.2020 | No se presta |
